000 00842nam a2200229Ia 4500
003 GCL
008 140319s9999 xx 000 0 ara d
020 _a2144339977
040 _aGCL /
_cGCL
082 0 4 _a320.9569
_bر ح
100 1 _aرشاد عبدالله الشامى
245 1 0 _aالحروب و الدين فى الواقع السياسى الاسرائيلى (1967 - 2000 ) /
_cرشاد عبدالله الشامى
250 _aالاولى
260 _aالقاهرة :
_bالدار الثقافية للنشر ،
_c2005
300 _a325 ص ؛
_c24 سم
650 0 4 _aالنزاع العربى الاسرائيلى
650 0 4 _aالصهيونية
650 0 4 _aحرب يونيو 1967 - مصر
650 0 4 _aحرب اكتوبر 1973
650 0 4 _aاسرائيل - الاحزاب السياسية
942 _2ddc
_cBK
999 _c51070
_d51070